Ultimate Country Flag Challenge 3 - Statistics

General Stats
  • This quiz has been taken 55 times
  • The average score is 19 of 20
Answer Stats
Picture Answer % Correct
Ireland
100%
Albania
97%
Georgia
97%
Switzerland
97%
Turkey
97%
Estonia
95%
Iceland
95%
Iran
95%
Panama
95%
Syria
95%
Bangladesh
92%
Bosnia & Herzegovina
92%
Cuba
92%
Ethiopia
92%
Honduras
92%
Kyrgyzstan
92%
North Macedonia
92%
The Philippines
92%
Mozambique
89%
Afghanistan
74%
No matching quizzes found
Score Distribution
Percent of People with Each Score
Percentile by Number Answered
Your Score History
You have not taken this quiz